| 000 | 00634nam a2200181 a 4500 | ||
|---|---|---|---|
| 003 | 0 | ||
| 005 | 20250306102752.0 | ||
| 008 | 101013s19uu xx 00 eng d | ||
| 050 |
_aPHS ML 420 _b.Y3 2010 |
||
| 100 | _aYee, Kerwynn C. | ||
| 245 |
_aThe emergence of African American music in America / _cKerwynn C. Yee. |
||
| 260 |
_aLas PiƱas City, Philippines : _bSouthville International School and Colleges, _c2010. |
||
| 300 |
_a24 pages ; _c30 cm. |
||
| 650 | _aAfrican American music. | ||
| 650 |
_aAfrican Americans _xMusic _vHistory and criticism. |
||
| 650 |
_aMusic _zUnited States _xHistory and criticism. |
||
| 942 |
_2lcc _cPASS |
||
| 999 |
_c98463 _d98463 |
||